Hacia un modelo pastoral en la iglesia en tiempos postmodernos: una propuesta para la Iglesia Alianza Cristiana y misionera de Colombia (Medellín) basado en la exégesis de 1 Timoteo 4:1-8 / Abraham Ramírez Delgado (Registro nro. 43586)
[ vista simple ]
| 000 -LÍDER | |
|---|---|
| Campo fijo de descripción fija | 007540000a22001450004500 |
| 001 - NÚMERO DE CONTROL | |
| Campo de control | 14744 |
| 100 1# - ASIENTO PRINCIPAL--NOMBRE PERSONAL | |
| Nombre personal | Ramírez Delgado, Abraham |
| 245 10 - TÍTULO | |
| Título del Material | Hacia un modelo pastoral en la iglesia en tiempos postmodernos: una propuesta para la Iglesia Alianza Cristiana y misionera de Colombia (Medellín) basado en la exégesis de 1 Timoteo 4:1-8 / Abraham Ramírez Delgado |
| 260 ## - PUBLICACIÓN, DISTRIBUCIÓN, ETC. (PIE DE IMPRENTA) | |
| Lugar de publicación, distribución, etc. | Medellín :FUSBC |
| 300 ## - DESCRIPCIÓN FÍSICA | |
| Extensión | 91 Pág |
| 500 ## - NOTA GENERAL | |
| Nota General | Monitor: Mag. Néstor Raúl Rodríguez Irázoqui. Jurados: Mag. Lucy Larrahondo, Dr. Fernando Mosquera |
| 942 ## - TIPO DE MATERIAL (KOHA) | |
| Tipo de Item KOHA | Libros General |
| Estado de Material | Estado de Perdido | Estado de Dañado | No para Préstamo | Colección | Tomo | Biblioteca de Origen | Biblioteca Permanente | Fecha de Adquisición | Total de Préstamos | Signatura Topográfica | Código de Barras | Última vez visto | Ejemplar/Existencia | Fecha de Remplazo | Tipo de Material |
|---|---|---|---|---|---|---|---|---|---|---|---|---|---|---|---|
| Trabajos de grado | Biblioteca FUSBC | Biblioteca FUSBC | 14/11/2007 | T R177h | 16802 | 06/06/2025 | 1 | 26/01/2016 | Trabajos de Grado |
